[Event "RUS-ch Superfinal"]
[Site "Moscow"]
[Date "2005.12.26"]
[Round "7"]
[White "Jakovenko, Dmitrij"]
[Black "Tomashevsky, Evgeny"]
[Result "1-0"]
[WhiteElo "2644"]
[BlackElo "2564"]
[Annotator "Finkel,A"]
[PlyCount "95"]
[EventDate "2005.12.19"]
[EventType "tourn"]
[EventRounds "11"]
[EventCountry "RUS"]
[EventCategory "17"]
[SourceTitle "CBM 111"]
[Source "ChessBase"]
[SourceDate "2006.04.04"]
[SourceVersion "1"]
[SourceVersionDate "2006.04.04"]
[SourceQuality "1"]

1. e4 e5 2. Nf3 Nc6 3. Bb5 a6 4. Ba4 Nf6 5. O-O b5 6. Bb3 Bb7 7. d3 Be7 8. Re1
O-O 9. Nbd2 h6 10. a4 Re8 11. c3 Bf8 12. Ba2 {[%cal Gd1b3]} (12. Nf1 d5) 12...
d6 (12... d5 13. exd5 Nxd5 14. Ne4 $14 {[%cal Gc1h6,Ga2d5,Ge4f6]}) 13. axb5 $5
{Up to this move the players were following the famous game Kasparov-Short/
London 1993, but with his last move White deviates from it in favor of
material gains!} (13. Nh4 Qd7 14. Ng6 Ne7 15. Nxf8 Kxf8 16. f3 $1 Rad8 $2 17.
b4 Ng6 18. Nb3 $14 {Kasparov,G-Short,N/London 1993}) 13... axb5 14. Qb3 Qd7 15.
Qxb5 Reb8 {Black has pressure on the a-file as compensation for the pawn. It's
hard to believe that it should be sufficient to keep the balance.} (15... Ba6
$2 16. Bxf7+ Kxf7 17. Rxa6 $18) 16. Qb3 Ra7 17. Qc2 Rba8 18. b4 Ba6 19. Nc4 $6
{Deciding not to force things up. However after} (19. Bb2 $1 Bxd3 $8 20. Bxf7+
(20. Qxd3 Rxa2 21. Rxa2 Rxa2 22. Nc4 $14) 20... Qxf7 21. Qxd3 Rxa1 22. Rxa1 (
22. Bxa1 $5 $16) 22... Rxa1+ 23. Bxa1 Qa2 24. Qf1 $16 {[%cal Gf1c1,Gc1b2,Gb2b1,
Gg2g3] White keeps an extra pawn under rather fortunate circumstances.}) 19...
Bxc4 $8 20. dxc4 Nd8 21. Nd2 c5 $44 {[%csl Ra2] Now White's bishop is stuck on
a2 for a while, so Black gets almost a decent compensation.} 22. Nb3 Nc6 23.
Bd2 Ra4 {Forcing the advance of the pawn.} 24. b5 Ne7 25. Nc1 {[%cal Ga1b1,
Ga2b3] White has to take preventive measures against Rb1 and Bb3.} Qa7 $8 26.
Re2 Nc8 27. Rb1 Nb6 $6 ({Better was} 27... Rxa2 28. Nxa2 Qxa2 29. Qxa2 Rxa2 30.
b6 Nxb6 31. Rxb6 Nxe4 32. Rxe4 Rxd2 $14 {with good chances to survive.}) 28.
Bb3 Nxc4 {Black has no choice, but to enter the complications which turn up
favorable for White.} 29. Bxa4 Na3 30. b6 $1 Qb7 (30... Qxa4 31. Qxa4 Rxa4 32.
b7 $18) 31. Qb3 Nxb1 32. Be1 $1 Nxe4 (32... c4 33. Qb5 Na3 34. Qc6 $16) 33. Ra2
$1 $16 {[%csl Rb1] The knight is trapped on b1.} Nbxc3 34. Bxc3 Nxc3 35. Qxc3
Qxb6 36. Bb3 Rc8 {Black's pieces are too passive, so it's very hard to defend
this position.} (36... Rxa2 37. Bxa2 Qb7 38. Qd2 g6 39. Ne2 Kg7 40. h4 $16) 37.
Qc4 Rc7 38. Ra4 (38. Nd3 $2 d5 39. Qxd5 c4 $17 {[%csl Rg1]}) 38... g6 (38...
Rd7 39. Qd5 Qb7 40. Ne2 Qxd5 41. Bxd5 g6 $16) 39. g3 Kg7 40. Ne2 Rb7 41. Ba2
Qc6 (41... Ra7 42. Nc3 Qb7 43. Rxa7 Qxa7 44. Qd5 Qc7 45. Bc4 $18) 42. Ra3 Rd7
43. Nc3 Qf3 44. Qa4 Qb7 45. Bd5 Qc7 46. Kg2 Qd8 47. Qb5 Qe7 48. Qb6 1-0

[Event "FIDE-Wch"]
[Site "San Luis"]
[Date "2005.10.09"]
[Round "10"]
[White "Leko, Peter"]
[Black "Svidler, Peter"]
[Result "1/2-1/2"]
[WhiteElo "2763"]
[BlackElo "2738"]
[Annotator "Finkel,A"]
[PlyCount "71"]
[EventDate "2005.09.28"]
[EventType "tourn"]
[EventRounds "14"]
[EventCountry "ARG"]
[EventCategory "20"]
[SourceTitle "CBM 110"]
[Source "ChessBase"]
[SourceDate "2006.01.31"]
[SourceVersion "1"]
[SourceVersionDate "2006.01.31"]
[SourceQuality "1"]

1. e4 e5 2. Nf3 Nc6 3. Bb5 a6 4. Ba4 Nf6 5. O-O Be7 6. Re1 b5 7. Bb3 O-O 8. a4
{One of many possible ways to avoid the Marshall Attack.} b4 9. d3 d6 10. a5
Be6 11. Nbd2 Qc8 {The queen is well placed on c8 guarding a pawn on a6 in case
of Rb8. In their previous game Svidler opted for the more popular} (11... Rb8 {
and easily held the position.} 12. Bc4 Qc8 13. Nf1 h6 14. Ne3 Re8 15. Nd5 Bd8
16. Bd2 Bxd5 17. Bxd5 Nxd5 18. exd5 Ne7 19. d4 Nxd5 20. dxe5 dxe5 21. Nxe5 Bf6
22. Nc6 Ra8 23. Nxb4 Nxb4 24. Bxb4 Bxb2 25. Rb1 {1/2-1/2 Leko,P-Svidler,P/
Moscow 2002}) 12. Nc4 h6 {Aimed to prevent 13.Bg5, which allows White to take
control over the very important d5 square.} (12... Rb8 13. Bg5 $5 (13. h3 h6
14. Be3 Rd8 15. Qe2 Bf8 16. Ncd2 Bxb3 17. Nxb3 Re8 18. Nfd2 d5 19. exd5 Nxd5
20. Qf3 Rb5 21. Nc4 Qd7 22. Rad1 f5 23. Bc1 g6 $11 {Smirin,I-Grischuk,A/Moscow
2002}) 13... h6 14. Bh4 Bg4 15. Ne3 Bxf3 16. Qxf3 Nd4 17. Qd1 Nxb3 18. cxb3 Nd5
19. Nxd5 $14 {Paehtz,T-Kasimdzhanov,R/Rethymnon 2003}) 13. c3 {Usually White
tries to refrain from ths move, since a pawn on b4 is a potential target for
the white pieces. On the other hand to transfer d4 seems to be the most
logical way to fight for the opening advantage.} Rb8 $6 (13... bxc3 14. bxc3
Rb8 {with the idea to meet} 15. d4 {with} exd4 16. cxd4 d5 $13 {deserved
attention.}) 14. d4 Bg4 ({It's too late for} 14... exd4 $6 15. cxd4 d5 {
as after} 16. exd5 Nxd5 17. Nce5 Nxe5 18. Nxe5 $14 {White keeps a steady
advantage.}) 15. Ba4 Qb7 16. d5 Na7 17. Ne3 $14 {It's obvious that white
emerged out of the opening with advantage.} Bc8 {This awkward looking move is
pretty forced as after} (17... c6 $6 18. Nxg4 Nxg4 19. c4 $14 {White's chances
are clearly better.}) 18. Qd3 Ng4 19. c4 ({Another promising continuation was} 
19. cxb4 Qxb4 20. Bd2 Qb7 21. Rac1 $16) 19... Nxe3 20. Bxe3 c5 {This move had
to be played sooner or later as White would've pushed c5 himself.} 21. dxc6
Nxc6 22. Qd5 Bd7 23. c5 $5 dxc5 24. Bxc5 Bxc5 25. Qxc5 Rfc8 {Diagram [#]} 26.
Qe3 ({White could've posed Black serious problems after} 26. Bb3 $1 {
threatening to capture on e5 and not letting Black to put the bishop on e6.}
Qc7 (26... Nd4 27. Bxf7+ Kh8 28. Qxe5 Nc2 29. Bd5 Qa7 30. Qf4 $16) 27. Bc4 Ra8
(27... Nd4 28. Qxc7 Nxf3+ 29. gxf3 Rxc7 30. Bxa6 Be6 31. Bf1 $16) 28. Bd5 $16)
26... Be6 $1 {Now Black has nothing to worry about.} 27. h3 (27. Bxc6 $5 Rxc6
28. Nxe5 Rc2 29. Re2 b3 30. f4 Qb5 31. Rf2 $13) 27... b3 28. Bxc6 Rxc6 29. Nxe5
Rc2 30. Rab1 (30. Re2 Qb5) 30... Qb4 31. Nf3 Rd8 $1 {It's far more important
not to let the white knight to come to d4 than to capture a pawn on a5.} (31...
Qxa5 $6 32. Nd4 Rc4 33. Rbd1 $14) 32. Qb6 {Forcing a draw.} Qxb6 33. axb6 Rb8
34. Nd4 Rd2 35. Red1 Rxd1+ 36. Rxd1 1/2-1/2

[Event "Corus-B"]
[Site "Wijk aan Zee"]
[Date "2006.01.29"]
[Round "13"]
[White "Cheparinov, Ivan"]
[Black "Almasi, Zoltan"]
[Result "1-0"]
[WhiteElo "2625"]
[BlackElo "2646"]
[Annotator "Finkel,A"]
[PlyCount "79"]
[EventDate "2006.01.14"]
[EventType "tourn"]
[EventRounds "13"]
[EventCountry "NED"]
[EventCategory "15"]
[SourceTitle "CBM 111"]
[Source "ChessBase"]
[SourceDate "2006.04.04"]
[SourceVersion "1"]
[SourceVersionDate "2006.04.04"]
[SourceQuality "1"]

1. e4 e5 2. Nf3 Nc6 3. Bb5 a6 4. Ba4 Nf6 5. O-O Be7 6. Re1 b5 7. Bb3 O-O 8. h3
{A popular way to avoid the Marshall counterattack.} Bb7 9. d3 d6 10. a3 Qd7
11. Nbd2 Rae8 {Black's plan is to push d5 at some point, so the rook might be
pretty useful on e8. On the other hand this move may turn out as a waste of
time if White opens up a-file or b-file.} 12. a4 (12. Nf1 Bd8 13. Be3 (13. Ne3
Nd4 14. Nxd4 exd4 15. Ng4 Nxg4 16. Qxg4 Qxg4 17. hxg4 d5 $1 $15 {L'Ami,E-Van
den Doel,E/Leeuwarden 2004}) 13... Ne7 14. Ng3 Ng6 15. Qd2 c5 16. Rad1 Qc7 $13
{1/2-1/2 Sowray,P-Hebden,M/Birmingham 2005 (34)}) (12. c3 d5 13. Ba2 dxe4 14.
dxe4 Nh5 15. Nb3 Qxd1 16. Rxd1 Nf6 17. Re1 Nb8 $11 {1/2-1/2 Topalov,V-Svidler,
P/Linares 1999 (35)}) 12... Na5 13. Ba2 b4 14. c3 $1 {This move is a very
logical novelty. White gives up his typical ''Spanish'' maneuvre Nd2-f1-g3 in
favor of Nc4.} (14. Nf1 Bd8 15. Ng3 Kh8 16. c3 bxc3 17. bxc3 c5 18. Bg5 Bc6 19.
Qc1 Ng8 20. Bxd8 Rxd8 21. d4 Qc7 $11 {Karjakin,S-Aronian,L/Warsaw 2005}) 14...
bxc3 (14... c5 15. cxb4 cxb4 16. Nc4 Nxc4 17. Bxc4 Qc7 18. Qb3 a5 19. Be3 $14)
15. bxc3 c5 16. Nc4 $1 {[%csl Rd5] White's idea is to take over the b-file
taking advantage of the fact that Black's rook has left the queenside for e8.}
Nxc4 17. Bxc4 h6 18. a5 $1 $14 {[%csl Ra6]} Bd8 $6 {Black intends to bring the
rook to b7 via e7, but it's a bit artificial and slow. White easily increases
the pressure by natural developing moves.} (18... Qc7) 19. Be3 Kh7 20. Qb3 Bc8
21. Nd2 Qb7 22. Reb1 Re7 (22... Qxb3 23. Bxb3 $1 Bc7 24. Nc4 $16 {[%cal Gb3a4,
Gc4b6,Ga4c6]}) 23. Qc2 Qa8 24. d4 {Everything is set up for this break.} cxd4 (
24... exd4 $2 25. e5+ Ne4 26. Nxe4 f5 27. cxd4 fxe4 28. exd6 $18) 25. cxd4 Rb7
26. Rxb7 Qxb7 (26... Bxb7 27. dxe5 dxe5 28. Bc5 Rh8 29. Bxf7 Bxe4 30. Nxe4 Qxe4
31. Qc4 $16) 27. Bd3 $1 $16 {Bringing the knight to c4.} exd4 28. Bxd4 Kg8 29.
Nc4 Qc6 30. Nb6 $1 {Exchanging the main defender!} Qxc2 31. Bxc2 Bb7 32. f3 Re8
{Black won't be able to protect for a long time his weaknesses on a6 and d6,
so may be he should've tried} (32... d5 33. exd5 $1 (33. e5 Nh5 34. Nd7 Re8 35.
Nc5 Bc8 36. Bd3 Nf4 37. Bf1 Ne6 38. Nxe6 Rxe6 39. Rb1 Rc6 40. Rb8 Kf8 $14)
33... Nxd5 34. Be4 Bxb6 35. axb6 Rd8 36. Kf2 $16 {even though this position is
also very tough for him.}) 33. Rb1 Re7 34. Nc4 Rc7 35. Bb3 $5 (35. Nxd6 Rxc2
36. Rxb7 Bxa5 37. Nxf7 Rc7 38. Nd6 $18) 35... Be7 (35... d5 36. Nd6 Bc6 (36...
dxe4 37. Bxf7+ Rxf7 38. Nxf7 Kxf7 39. Rxb7+ $18) 37. Bb6 Rd7 38. e5 Be7 39. Nf5
Nh7 40. Rc1 $18) 36. Ne3 Bc8 37. Bc4 Nd7 38. Rc1 Bd8 (38... Nc5 39. Nd5 Rd7 40.
Nxe7+ Rxe7 41. e5 Ne6 42. exd6 Re8 43. Bb6 $18) 39. Nd5 $1 Rc6 40. Ne7+ $1 {
The final blow.} (40. Ne7+ Bxe7 41. Bxf7+ Kxf7 42. Rxc6 Bb7 43. Rc7 $18) 1-0

[Event "Corus"]
[Site "Wijk aan Zee"]
[Date "2006.01.15"]
[Round "2"]
[White "Anand, Viswanathan"]
[Black "Aronian, Levon"]
[Result "1/2-1/2"]
[WhiteElo "2792"]
[BlackElo "2752"]
[Annotator "Finkel,A"]
[PlyCount "132"]
[EventDate "2006.01.14"]
[EventType "tourn"]
[EventRounds "13"]
[EventCountry "NED"]
[EventCategory "19"]
[SourceTitle "CBM 111"]
[Source "ChessBase"]
[SourceDate "2006.04.04"]
[SourceVersion "1"]
[SourceVersionDate "2006.04.04"]
[SourceQuality "1"]

1. e4 e5 2. Nf3 Nc6 3. Bb5 a6 4. Ba4 Nf6 5. O-O Be7 6. Re1 b5 7. Bb3 O-O 8. h3
{One of the most popular ways to avoid the Marshall Attack.} Bb7 9. d3 d6 10.
a3 Na5 11. Ba2 c5 12. Nbd2 Nc6 13. Nf1 Bc8 14. Ne3 Be6 15. Bd5 {This move was
introduced by Sutovsky less than a year ago. It seems that Black experiences
certain problems in this line.} (15. Nd5 Nb8 (15... Bxd5 16. exd5 Nd4 17. Nd2
Nf5 18. Ne4 Nd7 19. b4 Rc8 20. Bd2 c4 $13 {Anand,V-Shirov,A/Cap d'Agde 2003 
(56)}) 16. Nxe7+ Qxe7 17. Bb1 Nc6 18. Ng5 Bd7 19. f4 exf4 20. Bxf4 Rae8 21. c3
Ne5 22. Bc2 Bc6 $11 {Anand,V-Grischuk,A/Cap d'Agde 2003}) 15... Bd7 {A couple
of rounds later Navara opted for 15...Bxd5 and managed to equalize, but
Aronian's choice appears to be quite reasonable.} (15... Rc8 16. c3 Bxd5 17.
exd5 Nb8 18. a4 Qd7 19. axb5 axb5 20. c4 Rfe8 21. Nd2 Rc7 22. cxb5 Qxb5 23.
Ndc4 $14 {Sutovsky,E-Beliavsky,A/Gothenburg 2005}) (15... Bxd5 $5 16. exd5 Nb8
17. b4 (17. a4 $5) 17... Nbd7 18. bxc5 Nxc5 19. d4 exd4 20. Nxd4 Nfe4 21. Nc6
Qd7 22. Nxe7+ Qxe7 23. Qd4 Rfe8 $132 {Almasi,Z-Navara,D/Wijk aan Zee 2006}) 16.
Bb3 Be6 17. c3 {Once the bishop is on b3 White doesn't mind to trade it as his
queen takes the bishop's place on the diagonal a2-g8.} Bxb3 18. Qxb3 g6 19. Qa2
{[%cal Gb2b4]} a5 $5 {Preventing b4, which would've been played otherwise.
It's a rather risky decision from the strategical point of view as White gets
a great square for the knight on c4, but the alternative was hardly better.} (
19... Qd7 20. b4 a5 (20... cxb4 21. axb4 a5 22. Bd2 Qb7 23. bxa5 Rxa5 24. Qb3
$14) 21. bxc5 dxc5 22. Nd5 $14) 20. a4 b4 21. Bd2 Qc7 22. Nh2 {[%csl Gd5][%cal
Gh2g4] Starting a fight for the light squares in the center.} Rfd8 (22... h5 $6
23. Nf3 $14 {[%csl Rg5]}) 23. Nhg4 Nxg4 24. Nxg4 Bf8 25. Re3 ({Serious
attention deserved} 25. f4 $5 exf4 26. Nf6+ Kg7 27. Nd5 Qb7 28. Bxf4 $14 {
followed by Ref1, Rf3, Raf1.}) 25... Bg7 26. Rf3 {[%cal Gd2g5]} Qe7 27. Qd5
Rac8 28. Rd1 Rd7 $6 {A dubious decision after which Black has to work very
hard to keep the balance.} ({It was necessary to play} 28... Qe6 $1 {and it's
not so clear how White can benefit from penetrating to f6:} 29. Bg5 (29. Ne3
Bh6 {[%cal Gh6d2]}) 29... Rd7 30. Ne3 (30. Nf6+ Bxf6 31. Qxe6 fxe6 32. Rxf6 Re8
$11) 30... h6 31. Bh4 g5 32. Bg3 Qxd5 33. Nxd5 Rb8 $132) 29. Ne3 Qe6 30. Nc4 $1
{[%csl Ra5][%cal Gc4b6]} Rcc7 31. Bg5 h6 32. Bf6 $1 {Keeping an eye on e7.}
Qxd5 33. exd5 Ne7 34. Bxe7 Rxe7 35. Nxa5 $1 ({Less convincing is} 35. Re3 $143
$6 Ra7 36. Nxd6 Rad7 (36... Red7 37. Nb5 Ra8 38. d6 f5 39. cxb4 cxb4 40. Rc1
Kf7 41. b3 $16 {[%cal Ge3e2,Ge2c2,Gc2c6,Gc6b6]}) 37. Nc4 Rxd5 38. Nxa5 bxc3 39.
bxc3 e4 $14 {and Black should survive.}) 35... bxc3 36. bxc3 e4 37. Re3 exd3
38. Rdxd3 ({Also after} 38. Rexd3 Re4 39. Ra1 Ra7 (39... c4 40. Rf3 Rc5 41. Nc6
Rxd5 42. a5 Rc5 43. a6 Re8 44. a7 Ra8 45. Ra6 $16) 40. f3 Rh4 41. g3 Rxh3 42.
Kg2 Rh5 43. Nc6 Rb7 $132 {[%csl Rg2][%cal Gb7b2] Black has serious
counterchances due to the exposed position of the white king.}) 38... c4 39.
Nxc4 Rxe3 40. Nxe3 Ra7 41. g3 Rxa4 42. Kg2 Bf6 43. Kf3 Bd8 (43... Kg7) 44. Rd4
$1 Ra3 45. Rb4 $6 ({I guess Anand wasn't sure if} 45. Rc4 Bb6 46. Rc8+ Kg7 47.
Nc4 Rxc3+ 48. Ke2 Bd4 49. Nxd6 $16 {is winning for White so he decided to keep
the pressure, but it looks like he missed his best chance to fight for a win
at this point.}) 45... Bf6 46. Rb6 Be5 47. c4 Kg7 48. g4 Ra1 49. Ke4 (49. Rc6
Rc1 50. Ke4 Bh2 51. f4 Bg1 52. Kd3 Rb1 53. Kc2 Re1 54. Nd1 Re4 $14) 49... Bh2
50. Kf3 (50. Rc6 Ra2 51. Nd1 (51. Kf3 Bg1 52. Rxd6 Rxf2+ 53. Kg3 Re2 54. Nf1
Rf2 $11) 51... Rd2 52. Nc3 Rxf2 53. Ke3 Rf1 54. Nb5 Rf6 $14) 50... Ra2 51. Rb1
Be5 52. Rd1 Bc3 $1 $11 {[%csl Rf2][%cal Gc3b4,Gb4c5] Black's bishos comes to
the diagonal a7-g1 to put pressure on f2.} 53. Rc1 Bd4 54. Rc2 Ra3 55. Kg2 Bxe3
56. fxe3 Rxe3 57. c5 dxc5 58. Rxc5 Rd3 59. h4 Kf6 60. Rc6+ Ke5 61. g5 hxg5 62.
hxg5 Rxd5 63. Rf6 Ke4 64. Rxf7 Rxg5+ 65. Kh3 Rf5 66. Ra7 Ke5 1/2-1/2

[Event "Nalchik FIDE GP"]
[Site "Nalchik"]
[Date "2009.04.16"]
[Round "2"]
[White "Svidler, Peter"]
[Black "Ivanchuk, Vassily"]
[Result "1-0"]
[WhiteElo "2726"]
[BlackElo "2746"]
[Annotator "Ftacnik,L"]
[PlyCount "57"]
[EventDate "2009.04.15"]
[EventType "tourn"]
[EventRounds "13"]
[EventCountry "RUS"]
[EventCategory "19"]
[SourceTitle "CBM 130"]
[Source "ChessBase"]
[SourceDate "2009.05.20"]
[SourceVersion "1"]
[SourceVersionDate "2009.05.20"]
[SourceQuality "1"]

1. e4 e5 2. Nf3 Nc6 3. Bb5 a6 4. Ba4 Nf6 5. O-O b5 6. Bb3 Bb7 7. d3 {White is
not obliged to play the most popular move 7.Re1 as this modern alternative
sidesteps some intricate lines connected with the early 6...Bb7 system.} Be7 (
7... Bc5 8. Nc3 d6 9. a4 b4 10. Nd5 $14) 8. a4 O-O 9. Re1 d6 10. Nbd2 {White's
setup gives the impression of being rather timid and Ivnachuk has no problems
to equalise the game.} Re8 11. Nf1 h6 12. Ne3 Bf8 13. g4 $5 {Svidler was
surely aware, that normal developing moves have failed to promise any
advantage in current tournament praxis. His approach with the daring g-pawn
advance seriously compromises White's kingside pawn structure.} (13. Bd2 Ne7 (
13... Nb8 14. c3 Nbd7 15. Nd5 c6 16. Nxf6+ Nxf6 17. c4 bxc4 18. Bxc4 d5 19. Bb3
Bd6 20. Bc3 Nd7 $14 {1-0 Navarro Lopez Menchero,D (2076)-Rodriguez Lopez,R 
(2335)/Palma de Mallorca 2008 (39)}) 14. c4 c6 15. Qc2 Ng6 16. Nf5 bxc4 17.
Bxc4 d5 18. Ba2 c5 19. Ng3 c4 20. exd5 cxd3 21. Qxd3 Bxd5 22. Bxd5 Qxd5 23.
Qxd5 Nxd5 24. Rad1 {was just equal in 1/2-1/2 Svidler,P (2640)-Adams,M 2660)/
Pula 1997/.}) (13. c3 Na5 (13... Ne7 14. Nh4 c5 15. Ng4 Nxg4 16. Qxg4 Qc8 17.
Qg3 c4 18. dxc4 bxc4 19. Ba2 Qe6 20. Nf3 Nc6 21. Nd2 Na5 $17 {1/2-1/2 Emms,J 
(2586)-Hebden,M (2510)/Port Erin 1999 (48)}) 14. Ba2 c5 15. b4 cxb4 16. cxb4
Nc6 17. Bd2 Qd7 18. Nd5 Nxd5 19. Bxd5 Ne7 20. Bxb7 Qxb7 21. Qb3 Reb8 22. axb5 {
1/2-1/2 Lutz,C (2590)-Strikovic,A (2560)/Pamplona 1998. With very small
advantage for White.}) 13... Nd4 (13... Na5 14. Ba2 d5 15. exd5 Nxd5 16. Nxd5
Bxd5 17. Bxd5 Qxd5 18. Qe2 Nc6 $11) 14. Nxd4 exd4 15. Nf5 d5 $1 {The
counterattack in the centre is from the strategic point of view the most
appropriate reaction to the aggressive white plans.} 16. axb5 (16. f3 c5 $11)
16... dxe4 (16... axb5 17. Rxa8 Qxa8 18. g5 hxg5 19. Bxg5 Nd7 $11) 17. dxe4 (
17. bxa6 exd3 18. Rxe8 Qxe8 19. cxd3 Rxa6 20. Rxa6 Bxa6 $15) 17... axb5 18.
Rxa8 Qxa8 {Black has no reason to complain about the activity of his well
placed pieces.} 19. e5 (19. f3 c5 $15) (19. Nxd4 Nxe4 20. c3 Nd6 $15) 19... Ne4
(19... Bf3 20. Qd3 Nxg4 21. e6 $1 fxe6 22. Bxe6+ Kh8 23. Nh4 Rxe6 24. Rxe6 Bd5
25. Ng6+ Kg8 26. Re1 $16) 20. e6 $1 {Svidler must begin to look for active
ideas in order to keep the opponent busy and sidestep problem for himself.} (
20. c3 Rxe5 21. Bf4 Re8 22. Nxd4 Bd6 (22... Bc5 23. Bxc7 (23. h3 b4 $1 $15)
23... Ng5 24. h4 (24. Rxe8+ Qxe8 25. Kf1 Qe4 $15) 24... Rxe1+ 25. Qxe1 Nf3+ 26.
Nxf3 Bxf3 27. Bg3 Bxg4 28. Qe5 $11) 23. Bxd6 Nxd6 24. Bc2 Rxe1+ 25. Qxe1 c5 26.
Nf5 Bh1 27. Qf1 Nc4 28. Ne3 $15) 20... fxe6 21. Nxd4 Rd8 (21... Nc5 $1 22. c3
Bh1 23. f3 Bxf3 24. Qxf3 Qxf3 25. Bxe6+ Rxe6 26. Nxf3 Rxe1+ 27. Nxe1 Kf7 $15)
22. Bxe6+ $2 {Both great players seem to be carried away by their own agendas.
Objectively this natural move is unnatural, since it enables the enemy to
unleash a counterattack with the help of a queen move to a4.} (22. g5 $1 Nc5 (
22... Rxd4 23. Bxe6+ Kh8 24. Qxd4 Bc5 25. Qe5 $16) 23. Qg4 Nxb3 24. Qxe6+ Kh8
25. Nxb3 hxg5 26. Bxg5 Rd6 27. Qf5 $14) 22... Kh8 23. g5 Rxd4 $2 {Ivanchuk was
playing in Nalchik without his usual inspiration, very far from his optimal
chess strength. At the critical moment he falls for the obvious combination in
order to benefit from the strong centralised knight.} (23... Qa4 $1 24. c4 Qxd1
25. Rxd1 bxc4 $1 (25... c5 26. Bd5 Bxd5 (26... Rxd5 27. cxd5 cxd4 28. Rxd4 Nd6
29. gxh6 gxh6 30. Bf4 $14) 27. Ne6 Re8 (27... Bxe6 28. Rxd8 Kg8 29. gxh6 $18)
28. cxd5 hxg5 29. f3 Nf6 30. Bxg5 $16) 26. Bg4 $11) (23... c5 $2 24. gxh6 gxh6
(24... Rxd4 25. hxg7+ Kxg7 26. Qg4+ Kf6 27. Qf5+ Ke7 28. Qf7+ Kd8 29. Bf4 $18)
25. Qg4 $16) 24. Qxd4 Bc5 25. Qe5 Bxf2+ (25... Qf8 26. Bf4 Bxf2+ 27. Kf1 Bxe1
28. gxh6 $18) 26. Kf1 Qf8 27. gxh6 $1 {[%mdl 2048] Svidler is hinting with a
great dose of elegance, that White's forces will be much better coordinated in
the attack against the enemy king.} Bxe1+ (27... Bg3+ 28. Qf5 Qxf5+ 29. Bxf5
Bxe1 30. Kxe1 Nd6 31. Bd3 $16) 28. Bf4 $1 Nd2+ (28... Nf6 29. hxg7+ Qxg7 30.
Kxe1 $18) (28... Qf6 29. Qxc7 Nd2+ 30. Kxe1 Nf3+ 31. Kf2 Qh4+ 32. Kg2 Nd4+ 33.
Qxb7 Nxe6 34. hxg7+ $18) 29. Ke2 $1 (29. Ke2 $1 {The final touch is impressive.
White is underlining the hopelessness of black forces in active play and they
are all absent from the defence of their own king.} Qf6 30. Bf5 Bc6 31. Qxc7
$18) 1-0